Jednoduché účtovníctvo

Gespeichert in:
Bibliographische Detailangaben
1. Verfasser: Máziková, Katarína
Weitere Verfasser: Vépyová, Mária
Format: Buch
Sprache:Slowakisch
Veröffentlicht: Bratislava Elita 1993
Ausgabe:2. dopl. a preprac. vyd.
Schlagworte:
Tags: Tag hinzufügen
Keine Tags, Fügen Sie das erste Tag hinzu!

MARC

LEADER 00000nam a2200000 4500
001 c003152
005 20221214082301.8
020 |a 80-85323-47-8 
041 0 |a slo 
044 |a SK 
245 1 0 |a Jednoduché účtovníctvo  |c Katarína Máziková, Mária Vépyová 
250 |a 2. dopl. a preprac. vyd. 
264 1 |a Bratislava  |b Elita  |c 1993 
300 |a 115 s. 
610 2 0 |a účtovníctvo jednoduché 
610 2 0 |a závierka účtovná 
610 2 0 |a výkazy účtovné 
610 2 0 |a majetok hmotný 
610 2 0 |a majetok nehmotný 
610 2 0 |a majetok finančný 
610 2 0 |a zásoby 
610 2 0 |a rezervy 
610 2 0 |a inventarizácia 
610 2 0 |a prípady účtovné 
100 1 |a Máziková, Katarína 
700 1 |a Vépyová, Mária